Responses for Show #9167 - Tuesday, September 24, 2024

David Erb game 2.

Contestants

[<< previous game]

Carter Scott, an outdoor guide and educator from Suwanee, Georgia

Rachael Crawley, a described video writer from Toronto, Ontario, Canada

David Erb, a puzzle designer from Seattle, Washington (whose 1-day cash winnings total $17,655)

[next game >>]

Jeopardy! Round responses

HISTORY
I'M LOOKING FOR A MAN IN FINANCE
3-LETTER WORDS WITH 2 SYLLABLES
HERBS & SPICES
BRIT LIT SITS
BESPECTACLED ANIMATED CHARACTERS
    $200 24
(Carter: Who is Welles?)
(Rachael: Who is Hitler?)
...
(Ken: That's [*] repealing Prohibition.)

FDR

RachaelCarter
Triple Stumper
    $200 28
Buffett

Rachael
    $200 22
any

David
    $200 30
ginger

David
    $200 26
(David: What's [*] in Wonderland?)
(Ken: [*] is right.)

Alice

David
    $200 29
(Ken: That's how he gets all the [*].)

balloons

Rachael
    $400 23
Robespierre

Carter
    $400 27
Merrill

Carter
    $400 21
icy

David
    $400 9
garlic

David
    $400 25
The Wind in the Willows

David
    $400 4
Milhouse

Carter
    $600 11
Wounded Knee

David
    $600 13
(Rachael: Who is Carnegie?)

Rockefeller

RachaelCarter
    $600 1
via

Carter
    $600 7
bay leaf

David
    $600 17
Mr. Darcy

Carter
    $600 16
Family Guy

Rachael
    $800 10
Sri Lanka (Ceylon)

Carter
    $800 15
Ethiopia

Rachael
    $800 3
an era

Rachael
    $800 6
licorice

Triple Stumper
    $800 20
A Clockwork Orange

David
    $800 18
Velma

Carter
    $1000 12
Göring

David
    $1000 14
T. Rowe Price

Triple Stumper
    $1000 2
a moa

David
    $1000 8
oregano

Triple Stumper
    $1,000 19
(Carter: Don't love the category, let's go $1,000.)

Big Brother

Carter
    $1000 5
Peabody & Sherman

Rachael

Scores at the first commercial break (after clue 15):

David Rachael Carter
$3,600 $2,000 $2,400

Scores at the end of the Jeopardy! Round:

David Rachael Carter
$5,800 $2,800 $5,400

Double Jeopardy! Round responses

A SEASON IN HELSINKI
THIS & THAT
ANCIENT SCIENCE
GIVING IT YOUR "ALL"
PEOPLE IN POEMS
WALT, WIT MAN
    $400 22
gin

Rachael
    $400 30
vertigo

Rachael
    $400 29
atoms

David
    $400 25
a firewall

David
    $400 23
Shakespeare

Carter
    $400 28
The Odd Couple

Carter
    $800 3
Lutheran

Carter
    $800 27
a bongo

Rachael
    $800 26
arteries

Carter
    $800 24
screwball

David
    $800 21
(Ken: [*] cameo, yeah.)

Galileo

Rachael
    $800 14
Justified

Triple Stumper
    $1200 1
(Carter: What are baths?)
(Ken: Can you be more specific?)
(Carter: Hot baths--hot springs?)

a sauna

RachaelCarter
    $1200 5
the tango

David
    $1200 7
Aristotle

Carter
    $10,000 11
a windfall tax

David
    $1200 20
Nero

Rachael
    $1200 13
Walter Payton

David
    $1600 2
Sibelius

Rachael
    $1600 17
imago

Triple Stumper
    $1600 6
Archimedes

David
    $1600 10
(Ken: Correct, it had been wiped out.)

smallpox

David
    $1600 19
(Ken: He wrote Endymion, yes.)

Keats

David
    $1600 12
Walter Huston

Rachael
    $2000 4
(Carter: Who is Saarinen?)
(Ken: Can you be more specific?)
(Carter: Ah... Niko Saarinen.)

Eliel Saarinen

DavidCarter
    $2000 16
Santo Domingo

Carter
    $2000 8
Ptolemy

David
    $2000 9
forestall

David
    $6,000 18
(Carter: Who is...)
...
(Ken: The man who cracked the Enigma code and then died with a cyanide apple--[*], yes, it came to you too late.)

Alan Turing

Carter
    $2000 15
(Walt) Frazier

Carter

Scores at the end of the Double Jeopardy! Round:

David Rachael Carter
$30,600 $10,800 $3,800
(lock game)

[wagering suggestions for these scores]

Final Jeopardy! Round responses

20th CENTURY AMERICA
(Ken: [To Rachael] Future Senator [*] was the president of the San Francisco Board of Supervisors, who ascended to become mayor after the assassination.)
CarterWho is Ferraro?
$800
RachaelWho is Feinstein
$2,500
DavidWho is Feinstein? Hi BZ&S!
$8,888
(Dianne) Feinstein

Final scores:

David Rachael Carter
$39,488 $13,300 $3,000
2-day champion: $57,143 2nd place: $3,000 3rd place: $2,000

Game dynamics:

Coryat scores:

David Rachael Carter
$21,800 $10,800 $9,800
23 R
(including 1 DD),
0 W
14 R,
2 W
16 R
(including 1 DD),
4 W
(including 1 DD)

Combined Coryat: $42,400

[game clues] [game scores] [suggest correction]

Game tape date: 2024-06-03
The J! Archive is created by fans, for fans. Scraping, republication, monetization, and malicious use prohibited; this site may use cookies and collect identifying information. See terms. The Jeopardy! game show and all elements thereof, including but not limited to copyright and trademark thereto, are the property of Jeopardy Productions, Inc. and are protected under law. This website is not affiliated with, sponsored by, or operated by Jeopardy Productions, Inc. Join the discussion at JBoard.tv.